Macroeconomía en la economía global (Registro nro. 2960)

Detalles MARC
000 -Cabecera
Campo de control de longitud fija 00744aam a2200289 4500
005 - Fecha y hora de la última transacción
Campo de control 20250819114559.0
008 - Elementos de longitud fija--Información general
Campo de control de longitud fija 150619b2002 xxu||||| |||| 00| 0 spa d
020 ## - International Standard Book Number
Número Internacional Estándar del Libro (ISBN) 9879460685
041 ## - Idioma
Código de idioma Español
082 ## - Clasificación Decimal Dewey
Número de clasificación 339 L333m2
100 ## - Entrada principal--Autor personal
Nombre personal Larrain B, Felipe
9 (RLIN) 25199
100 ## - Entrada principal--Autor personal
Nombre personal Sachs, Jeffrey D
9 (RLIN) 25200
245 ## - Título propiamente dicho
Título Macroeconomía en la economía global
260 ## - Pie de imprenta
Lugar de publicación, distribución, etc. Argentina
260 ## - Pie de imprenta
Nombre del editor, distribuidor, etc. Pearson Educación
260 ## - Pie de imprenta
Fecha de publicación, distribución, etc. 2002
300 ## - Descripción física
Extensión 792 páginas
490 ## - Serie
Título de la Serie Dirección y Administración de Empresas
650 ## - Materia general
Temática (materia general) MACROECONOMÍA
650 ## - Materia general
Temática (materia general) ECONOMÍA
650 ## - Materia general
Temática (materia general) INVERSIÓN
650 ## - Materia general
Temática (materia general) EMPLEO
650 ## - Materia general
Temática (materia general) PRODUCTO
650 ## - Materia general
Temática (materia general) FLUCTUACIONES
650 ## - Materia general
Temática (materia general) POLITICAS DE ESTABILIZACIÓN
942 ## - Punto de acceso adicional KOHA
Tipo de ítem KOHA Libro
Fuente del sistema de clasificación o colocación Dewey Decimal Classification
Existencias
Signatura completa Código de barras Programa Académico Tipo de ítem
339 L333m2 17639 Dirección y Administración de Empresas Libro
339 L333m2 17640 Dirección y Administración de Empresas Libro
339 L333m2 17646 Dirección y Administración de Empresas Libro
339 L333m2 17647 Dirección y Administración de Empresas Libro
339 L333m2 17641 Dirección y Administración de Empresas Libro